Allgemeine Weltgeschichte Siebenter Band

Bibliographic Details
Main Authors: Guthrie, William, 1708-1770 (Author), Gray, John, 1724-1811 (Author)
Corporate Author: Trassler, Josef Jiří (Opava, Česko) (Printer)
Other Authors: Heyne, Christian Gottlob, 1729-1812 (Translator)
Format: Book
Language:German
English
PhysicalDescription:[3], 875, [5] strán 8° (17x11cm)
Published: Troppau gedruckt bei Joseph Georg Trassler, und im Verlage der Kompagnie 1785
Subjects:

MARC

LEADER 00000cam a2200000 a 4500
001 vtls009931438
003 SK-MaSNL
005 20260301212324.0
008 251112s1785 gw 001 0 ger
015 |a SNBHFA1785 
035 |a (SVKBBclas03)vtls000213424 
040 |a SNK  |b slo  |c SNK  |e AACR2 
041 1 |a ger  |h eng 
080 |a 93/94  |2 2011 
100 1 |a Guthrie, William,  |d 1708-1770  |4 aut  |9 367896 
245 1 0 |a Allgemeine Weltgeschichte  |n Siebenter Band  |c Im Englischen herausgegeben von Wilh. Guthrie und Joh. Gray ; übersetzt und verbessert von Christian Gottlob Heyne, Lehrer der Beredsamkeit und Dichtkunst zu Göttingen 
246 3 8 |a Allgemeine Weltgeschichte  |n 7. Band 
260 |a Troppau  |b gedruckt bei Joseph Georg Trassler, und im Verlage der Kompagnie  |c 1785 
300 |a [3], 875, [5] strán  |c 8° (17x11cm) 
504 |a Tlačené poznámky pod čiarou 
541 |c v správe ŠVK Banská Bystrica  |f Rímskokatolícky biskupský úrad Banská Bystrica 
561 |a Knižnica banskobystrického biskupského seminára.  |5 ŠVKBB 
561 |a Miestny odbor Matice slovenskej, Bratislava.  |5 ŠVKBB 
561 |a [Slovenská národná knižnica v Matici slovenskej, Martin].  |5 ŠVKBB 
561 |a Rukopisná provenienčná poznámka vzadu na prídoští: Schubert. Pečiatka knižnice banskobystrického biskupského seminára.  |5 ŠVKBB 
561 |a Na titulnom liste rukopisný posesorský záznam: Petr Kubinyi.  |5 SNK ID 1616/7 D2 
650 0 7 |a dejiny  |2 SNKPH  |9 3825 
700 1 |a Heyne, Christian Gottlob,  |d 1729-1812  |4 trl  |9 341922 
700 1 |a Gray, John,  |d 1724-1811  |4 aut  |9 367897 
700 1 |a Kubíni, Peter,  |d 1765-1835  |4 fmo  |9 185995 
710 0 |a Trassler, Josef Jiří (Opava, Česko),  |d 1780-1816  |4 prt  |9 229877 
710 2 |a Učená spoločnosť malohontská  |4 fmo  |9 205374 
752 |a Česko  |d Opava 
852 |a študovňa historických knižných fondov  |b Seminárna knižnica 
852 |a snk  |b Historické fondy  |p ID 1616/7 D2 
999 |c 917852  |d 919782 
952 |t MHC XIII.J.5 ; 617/7  |a SNK  |b SNK  |c SNK_HF  |y PREZ  |7 0  |p 17A1355675  |o snkID 1616/7 D2  |i snk2018/18914  |8 5  |0 0  |1 0  |4 0  |d 2019-04-25  |l 0  |r 2026-02-24 08:06:00  |w 2026-02-24